| 000 | 00579nam a2200181Ia 4500 | ||
|---|---|---|---|
| 008 | 140321s9999 xx 000 0 und d | ||
| 020 | _a9789717251349 | ||
| 050 |
_aQD 1 _b.As858 2012 |
||
| 100 | _aAstroga, Ma. Joanna A. | ||
| 245 |
_aModule in general chemistry / _cMa. Joanna A. Astorga, Angelica L. Aquino and Nelie S. Pagurayan. |
||
| 260 |
_aManila : _bGrandbooks Pub. Inc., _cc2012. |
||
| 300 |
_a155 p. : _c26 cm. |
||
| 500 | _aIncludes bibliographical references. | ||
| 521 | _aGE | ||
| 650 |
_aChemistry _xStudy and learning. |
||
| 942 |
_kLOC _cBK |
||
| 999 |
_c48492 _d48492 |
||